000 00456nam a22001817a 4500
003 MPLRDC
005 20220104113919.0
008 210129b ||||| |||| 00| 0 eng d
082 _a192.8 CYF v.1
100 _a林清玄等著
245 _a改变一生的一句话. 一
_c
250 _a二十版
260 _a
_b圆神出版社
_c1990
300 _b
490 _a圆神丛书. 73
650 _a格言; 箴言; 金言
942 _cBK
_o192.8 CYF v.1
999 _c3339
_d3329